| 000 | 01009nam a22003495b 4500 | ||
|---|---|---|---|
| 001 | 393491 | ||
| 003 | DO-SdBNP | ||
| 005 | 20180221093953.0 | ||
| 007 | 393491 | ||
| 008 | 940207s 1993 sp a |||| ||spa | ||
| 016 | 7 |
_a _2BPMSU |
|
| 017 |
_a _b |
||
| 020 | _a8434834014 | ||
| 035 | _a | ||
| 040 |
_aBPMSU _bspa _c BPMSU _e |
||
| 041 | 1 |
_aspa _h |
|
| 080 | 0 | _a | |
| 100 | 1 | _aScheffler, Ursel | |
| 240 | 1 | 4 |
_aÄtze, das Tintenmonster / _lale. |
| 245 | 1 | 0 |
_aTintof, el monstruo de la tinta / _cUrsel Scheffler ;lustraciones Erhard Dietl ; traducción Elsa Alfonso Mori _h |
| 250 | _a3ª ed. | ||
| 260 |
_aMadrid : _bSM, _c1993. |
||
| 300 |
_a105 p.: _b il., _c19 cm |
||
| 490 | 0 |
_aEl barco de vapor. _aSerie azul _v37 |
|
| 521 | _aA partir de 7 años. | ||
| 700 | 1 |
_aDietl, Erhard _d1953- _eil. |
|
| 700 | 1 |
_aAlfonso, Elsa _etr. |
|
| 830 | 0 |
_aEl barco de vapor. _pSerie azul _v37 |
|
| 942 |
_2ddc _cBK |
||
| 945 | _aInventariado, 2018/ YL | ||
| 956 |
_a VMATEO _210 _320160405 _6BPMSU _80069 |
||
| 999 |
_c9543 _d9543 |
||